000
00235nam a2200097Ia 4500
001
964895
005
20250826220235.0
008
250824s9999 xx 000 0 und d
245
0
_a
NUREDDİN ZENGİ
_c
ALİ EMRE
260
_b
KETEBE YAYINLARI
999
_c
964895
_d
964895